000
00320nam a2200157Ia 4500
100
_a
Spencer/ W.P
650
_a
General
942
_c
RB
654
_a
Dictonary
245
_a
Dictonary Of Computers
260
_b
CBS Pub.
_a
Delhi
_c
1986
082
_a
621.3
_b
Spe
300
_a
393
546
_a
ENGLISH
999
_c
18651
_d
18651